000 00750nam a22002057a 4500
999 _c18334
_d18334
003 AR-CdUCM
008 190513b ||||| |||| 00| 0 spa d
040 _aMUNICIPALIDAD PROVINCIAL DEL CUSCO
_cBIBLIOTECA MUNICIPAL DEL CUSCO
082 _a346.5 /
_bV61
100 _aVidal Ramirez, Fernando
_914965
245 _aEl acto jurídico en el código civil peruano /
260 _aLima :
_bCultural Cusco,
_c1989.
300 _a473 páginas ;
_c24 cm.
505 _aContenido : Teoría del acto jurídico -- Determinación conceptual del acto jurídico -- El principio de la autonomía de la voluntad ...
650 _aActo jurídico
_938851
650 _aDerecho
_9739
650 _aLeyes
_94808
942 _2ddc
_cLIBROS
945 _arah
_d2019/05/13